000
00296nam a22001337a 4500
008
180301b xxu||||| |||| 00| 0 eng d
020
_a
9780130962621
041
_a
eng
080
_a
574
100
_a
9
101
_a
MJE
245
_a
EXPLORING EARTH ENVIRONMEMT
_c
KELLY.M
942
_2
udc
_c
BK
999
_c
43827
_d
43827